Tous les sortilèges Harry Potter (A-Z) - Statistiques

Statistiques générales
  • Ce quiz a été pris 130 fois
  • Le résultat moyen est 30 sur 146
Statistiques - réponses
Hint Réponse % Correct
13 Avada Kedavra
89%
1 Accio
76%
40 Endoloris
75%
4 Alohomora
74%
83 Lumos
71%
146 Wingardium Leviosa
69%
47 Expelliarmus
66%
67 Impero
65%
94 Nox
60%
135 Stupefix
60%
108 Protego
58%
126 Sectumsempra
55%
2 Aguamenti
49%
103 Petrificus Totalus
49%
116 Reducto
49%
118 Reparo
48%
5 Amplificatum
46%
46 Expecto Patronum
46%
72 Incendio
46%
54 Finite
41%
123 Rictusempra
39%
15 Avis
38%
78 Levicorpus
36%
100 Oubliettes
35%
128 Serpensortia
35%
124 Riddikulus
34%
84 Lumos Maxima
33%
104 Piertotum Locomotor
33%
25 Collaporta
31%
42 Episkey
31%
97 Oppugno
31%
122 Revelio
30%
17 Bombarda Maxima
29%
48 Expulso
29%
134 Spero Patronum
29%
66 Impedimenta
28%
10 Arresto Momentum
26%
44 Evanesco
26%
68 Immobilus
26%
29 Crache Limaces
25%
71 Incarcerem
25%
16 Bloclang
24%
110 Protego Maxima
24%
129 Silencio
24%
12 Assurdiato
23%
27 Confundo
23%
76 Lashlabask
23%
79 Liberacorpus
23%
90 Morsmordre
23%
130 Sonorus
23%
36 Diffindo
21%
52* Sortilège du Feudeymon
21%
141 Vera Verto
21%
77 Legilimens
20%
9 Arania Exumai
19%
11 Ascendio
19%
115 Recurvite
19%
119 Repello Moldum
19%
142 Vipera Evanesca
19%
6 Anapneo
18%
38 Duro
18%
45 Everte Statum
18%
59 Gemino
18%
98 Orchideus
18%
105 Portus
18%
37 Dissendium
16%
82 Locomotor Mortis
16%
102 Periculum
16%
41 Enervatum
15%
60 Glisseo
15%
63 Hominum Revelio
15%
138* Sortilège de Têtenbulle
15%
24 Cistem Aperio
14%
91 Mutinlutin Malinpesti
14%
125 Salveo Maleficia
14%
136 Tarentallegra
14%
144 Vulnera Sanentur
14%
50 Failamalle
13%
74 Lacarnum Inflamare
13%
81 Locomotor Barda
13%
96 Obscuro
13%
111 Protego Totalum
13%
7 Aparecium
11%
31 Defodio
11%
33 Dentesaugmento
11%
51 Ferula
11%
85 Lumus Solem
11%
88 Mobilicorpus
11%
21 Cave Inimicum
10%
26 Confrigo
10%
35 Destructum
10%
43 Erigo
10%
69 Impervius
10%
53* Sortilège de Fidelitas
10%
143 Volate Ascendere
10%
19 Brachium Emendo
9%
56 Flambios
9%
58 Furunculus
9%
73* Maléfice de Jambencoton
9%
107 Prior Incantatum
9%
106 Prior Incanto
9%
131 Surdinam
9%
32 Deprimo
8%
62 Harmonia Nectere Passus
8%
28* Maléfice de Conjonctivite
8%
87 Mobiliarbus
8%
49 Fenestra
6%
64 Homomorphus
6%
92 | 93 Nebulus
6%
109 Protego Diabolica
6%
137 Tergeo
6%
140 Ventus
6%
145 Waddiwasi
6%
8 Appare Vestigium
5%
14 Avensegium
5%
18 Brachialigo
5%
23 Capacious Extremis
5%
22 Circumrota
5%
39 Emancipare
5%
55 Finite Incatatem
5%
57 Fulgari
5%
86 Meteorribilis Recanto
5%
101 Partis Temporus
5%
121 Revigor
5%
3* Sortilège d'Allegresse
5%
61* Maléfice de Glue Perpétuelle
4%
112 Protego Horribilis
4%
120 Reverte
4%
34* Sortilège de Desillusion
4%
75* Sortilège de Langue de Plomb
4%
127* Sortilège du Serment Inviolable
4%
30* Charme du Cridurut
3%
114* Enchantement des Quatre Point
3%
70 Inanimatus Apparitus
3%
89 Molliare
3%
99 Oscausi
3%
117* Charme de Remplissage
1%
20* Maléfice du Catapultage
1%
139* Sorilège de Transfert
1%
80* Sortilège de Limite d'âge
1%
113* Sortilège de Protéiforme
1%
65* Sortilège d'Impassibilité
1%
95* Sortilège d'Obliteration
1%
133 Specialis Revelio
1%
132 Surgito
1%
Aucun quiz correspondant
Distribution des résultats
% des personnes avec chaque résultat
Percentile par nombre de réponses
Votre historique - résultats
Vous n’avez pas pris ce quiz